000 00597cam a22002291 4500
001 sa 63004781
003 DLC
005 20260227111951.0
008 771014s1963 ii b 001 0 eng
010 _asa 63004781
015 _aGB64-384
035 _a(OCoLC)3342623
040 _aDLC
_cINS
_dUk
_dDLC
042 _apremarc
050 0 0 _aGN315
_b.F8
100 1 _aFuchs, Stephen.
245 1 4 _aThe origin of man and his culture.
260 _aBombay,
_aNew York,
_bAsia Pub. House
_c[1963]
300 _avi, 300 p.
_c23 cm.
504 _aBibliography: p. [281]-283.
650 0 _aEthnology.
999 _c55849
_d55849